[Event "Wch U20 Girls 37th"]
[Site "New Delhi"]
[Date "2019.10.22"]
[Round "8"]
[White "Eesha, Ajay Sarda"]
[Black "Vlkova, Anezka"]
[Result "1/2-1/2"]
[WhiteElo "1744"]
[BlackElo "1972"]
[PlyCount "89"]
[EventDate "2019.10.15"]
[EventType "swiss"]
[EventRounds "11"]
[EventCountry "IND"]
[SourceTitle "CBM 192 Extra"]
[Source "Chessbase"]
[SourceDate "2019.11.06"]
[SourceVersion "1"]
[SourceVersionDate "2019.11.06"]
[SourceQuality "1"]

1. d4 e6 2. e4 d5 3. exd5 exd5 4. Bd3 Nc6 5. Ne2 Qf6 6. Nbc3 Be6 7. Be3 Nb4 8. Nb5 Kd7 9. Bf4 c6 10. Nc7 Rd8 11. Be5 Nxd3+ 12. Qxd3 Qf5 13. Qb3 Kc8 14. Qa4 f6 15. Ng3 Qg4 16. h3 Qh4 17. Nxe6 Re8 18. Qa5 Bd6 19. Nxg7 Rxe5+ 20. Kf1 Qxd4 21. N7f5 Qc4+ 22. Kg1 Bc5 23. c3 Ne7 24. Nxe7+ Rxe7 25. Rf1 h5 26. b3 Bb6 27. bxc4 Bxa5 28. cxd5 cxd5 29. Rd1 Bxc3 30. Rxd5 Be5 31. Nf5 Rc7 32. g3 Rd8 33. Rxd8+ Kxd8 34. Kg2 Rc2 35. Rd1+ Kc7 36. a4 a6 37. Ng7 b5 38. axb5 axb5 39. Nxh5 b4 40. Rb1 Bd4 41. Rxb4 Rxf2+ 42. Kh1 Rf1+ 43. Kg2 Rf2+ 44. Kh1 Rf1+ 45. Kg2 1/2-1/2

[Event "Wch U16 Girls"]
[Site "Mumbai"]
[Date "2019.10.06"]
[Round "6"]
[White "Hajiyeva, Laman"]
[Black "Eesha, Ajay Sarda"]
[Result "1-0"]
[WhiteElo "2038"]
[BlackElo "1744"]
[PlyCount "175"]
[EventDate "2019.10.02"]
[EventType "swiss"]
[EventRounds "11"]
[EventCountry "IND"]
[SourceTitle "EXT 2020"]
[Source "ChessBase"]
[SourceDate "2019.10.17"]
[SourceVersion "1"]
[SourceVersionDate "2019.10.17"]
[SourceQuality "1"]

1. d4 Nf6 2. c4 e6 3. Nc3 Bb4 4. e3 b6 5. Nge2 c5 6. a3 Ba5 7. Ng3 Bb7 8. f3 Bxc3+ 9. bxc3 0-0 10. Bd3 Nc6 11. 0-0 Na5 12. e4 d6 13. e5 dxe5 14. dxe5 Nd7 15. f4 f5 16. Ra2 Qc7 17. Rd2 Rad8 18. Re1 Nb8 19. Qa4 g6 20. Red1 Bc6 21. Qc2 Rd7 22. Nf1 Qd8 23. Be2 Rxd2 24. Rxd2 Qe7 25. Qd1 Nb7 26. Ne3 Rd8 27. Nd5 Qf8 28. Bf3 Kg7 29. Nc7 Qe7 30. Rxd8 Bxf3 31. gxf3 Qxc7 32. Rd3 Na5 33. Rd6 Kf7 34. Qf1 Nb7 35. Qh3 Kg8 36. Rd1 Qc6 37. Qf1 Qa4 38. h4 Qe8 39. Kg2 Nd7 40. Qd3 Nf8 41. Kh3 Kf7 42. Be3 Qa4 43. h5 Qxa3 44. h6 Ke8 45. Bf2 Qa4 46. Bh4 Qd7 47. Qb1 Qc6 48. Qb5 Qxb5 49. cxb5 Nd7 50. c4 Na5 51. Ra1 Nxc4 52. Rxa7 Ne3 53. Ra8+ Kf7 54. Rd8 Nf8 55. Bf6 g5 56. fxg5 Nd5 57. Kg3 Nc3 58. Rd6 Nd5 59. Kf2 c4 60. Ke2 Nc3+ 61. Kd2 Nxb5 62. Rxb6 Nd4 63. Rb7+ Kg6 64. Rg7+ Kh5 65. Ke3 Nb5 66. Rf7 Ng6 67. Rxh7 f4+ 68. Kd2 Nd4 69. Rg7 Nxf3+ 70. Kc3 Nfh4 71. Kxc4 f3 72. Kd3 Kg4 73. Ra7 Kg3 74. Ra1 Kg2 75. h7 f2 76. Ke2 Nf4+ 77. Ke3 Nd5+ 78. Ke4 Ng6 79. h8Q Nxh8 80. Bxh8 f1Q 81. Rxf1 Kxf1 82. g6 Ne7 83. g7 Ke2 84. Kf4 Kd3 85. Kg5 Ng8 86. Kg6 Kd4 87. Kf7 Nh6+ 88. Kxe6 1-0

[Event "Commonwealth-ch U20 Girls"]
[Site "New Delhi"]
[Date "2019.07.03"]
[Round "3.2"]
[White "Eesha, Ajay Sarda"]
[Black "Chandreyee, Hajra"]
[Result "0-1"]
[WhiteElo "1752"]
[BlackElo "1868"]
[PlyCount "139"]
[EventDate "2019.07.01"]
[EventType "swiss"]
[EventRounds "7"]
[EventCountry "IND"]
[SourceTitle "EXT 2024"]
[Source "ChessBase"]
[SourceDate "2023.10.10"]
[SourceVersion "1"]
[SourceVersionDate "2023.10.10"]
[SourceQuality "1"]

1. e4 c6 2. d4 d5 3. Nd2 dxe4 4. Nxe4 Bf5 5. Ng3 Bg6 6. h4 h6 7. Nh3 Nf6 8. Nf4 Bh7 9. Bc4 e5 10. dxe5 Qxd1+ 11. Kxd1 Ng4 12. Rf1 Nxe5 13. Re1 Nbd7 14. Bd3 Bxd3 15. Nxd3 0-0-0 16. Nxe5 Nxe5+ 17. Ke2 Bb4 18. c3 Bc5 19. Ne4 Bb6 20. Bf4 Rhe8 21. Kf1 Bc7 22. Nc5 Nc4 23. Bxc7 Kxc7 24. b3 Ne5 25. Rad1 Rxd1 26. Rxd1 b6 27. Na6+ Kb7 28. Nb4 a5 29. Nc2 Re7 30. Ne3 g6 31. Rd4 Kc7 32. Ke2 h5 33. f3 Nd7 34. Kf2 Nf6 35. Rf4 Ne8 36. Nc4 Ng7 37. Ne3 Ne6 38. Re4 Rd7 39. Nc4 Nc5 40. Re2 a4 41. Ne5 Re7 42. Nc4 Rxe2+ 43. Kxe2 b5 44. Ne5 Nxb3 45. Kd1 Na5 46. g4 Nc4 47. Nxf7 hxg4 48. fxg4 Ne3+ 49. Ke2 Nxg4 50. Kf3 Nf6 51. Ke3 c5 52. Ne5 Nd5+ 53. Kd3 Ne7 54. a3 Kd6 55. Nf3 Nf5 56. Kc2 Kd5 57. Kd3 Nd6 58. Ne1 Nc4 59. Nc2 Ke5 60. Ke2 Ke4 61. Kd1 Ne3+ 62. Kd2 Nxc2 63. Kxc2 c4 64. Kd2 Kf3 65. Ke1 Kg3 66. Ke2 Kxh4 67. Kf3 g5 68. Kf2 Kh3 69. Kf1 Kh2 70. Ke2 0-1

[Event "Mumbai Wealth op 3rd"]
[Site "Mumbai"]
[Date "2017.12.31"]
[Round "2"]
[White "Bommini, Mounika Akshaya"]
[Black "Eesha, Ajay Sarda"]
[Result "1-0"]
[WhiteElo "1829"]
[BlackElo "1695"]
[PlyCount "61"]
[EventDate "2017.12.30"]
[EventType "swiss"]
[EventRounds "9"]
[EventCountry "IND"]
[SourceTitle "CBM 182 Extra"]
[Source "ChessBase"]
[SourceDate "2018.02.23"]
[SourceVersion "1"]
[SourceVersionDate "2018.02.23"]
[SourceQuality "1"]

1. d4 d5 2. Bf4 Nf6 3. e3 e6 4. Nd2 Bd6 5. Bg3 0-0 6. Bd3 c5 7. c3 Nc6 8. Ngf3 Qe7 9. Ne5 Nd7 10. Ndf3 Ncxe5 11. dxe5 Bc7 12. 0-0 c4 13. Bc2 b5 14. Nd4 b4 15. cxb4 Qxb4 16. Rb1 Ba6 17. Re1 h6 18. e4 Bb7 19. b3 Nb6 20. bxc4 Qxc4 21. Bb3 Qc5 22. Rc1 Qe7 23. exd5 Nxd5 24. Qg4 Ba5 25. Red1 Rac8 26. Bh4 Qb4 27. Bf6 Nxf6 28. exf6 g6 29. Bxe6 Rxc1 30. Qxg6+ Kh8 31. Qg7# 1-0

[Event "IND-ch U11 Girls"]
[Site "Odisha"]
[Date "2014.07.29"]
[Round "8"]
[White "Eesha, Ajay Sarda"]
[Black "Chopdekar, Gunjal"]
[Result "1/2-1/2"]
[WhiteElo "1379"]
[BlackElo "1438"]
[PlyCount "121"]
[EventDate "2014.07.24"]
[EventType "swiss"]
[EventRounds "11"]
[EventCountry "IND"]
[SourceTitle "CBM 161 Extra"]
[Source "ChessBase"]
[SourceDate "2014.08.29"]
[SourceVersion "1"]
[SourceVersionDate "2014.08.29"]
[SourceQuality "1"]

1. e4 e5 2. Nf3 d6 3. d4 exd4 4. Qxd4 Nc6 5. Bb5 Bd7 6. Bxc6 Bxc6 7. Nc3 Nf6 8. Bg5 Be7 9. 0-0 0-0 10. Rfe1 h6 11. Bf4 Nd7 12. Qd2 Bf6 13. Nd4 Ne5 14. Bxe5 dxe5 15. Nb3 Qc8 16. Qe2 b6 17. Rad1 Qb7 18. Nd2 b5 19. Nb3 a6 20. Na5 Qb6 21. Nxc6 Qxc6 22. Nd5 Bd8 23. Rd3 Qb7 24. Qh5 c6 25. Ne3 Bg5 26. Ng4 Qe7 27. Rg3 Kh7 28. Ne3 g6 29. Qg4 Bxe3 30. Rgxe3 Kg7 31. h4 h5 32. Qg3 Rad8 33. f4 exf4 34. Qxf4 Rd6 35. Rd3 Re6 36. Kh1 Re8 37. Rde3 Rf6 38. Qg5 Qe6 39. a3 Qe7 40. e5 Rf5 41. Qxe7 Rxe7 42. Kh2 Re6 43. Kg3 Kf8 44. Kh3 Rf2 45. R3e2 Rf4 46. Re3 Rd4 47. g3 Rd7 48. Kg2 Rd2+ 49. R1e2 Rd7 50. Kf3 f6 51. exf6 Rxf6+ 52. Kg2 Kf7 53. Rf3 Rdd6 54. Rfe3 Rd7 55. Rf3 Rxf3 56. Kxf3 Kf6 57. Kf4 Rd4+ 58. Ke3 Rd5 59. Kf3 Rf5+ 60. Kg2 Rd5 61. Kf3 1/2-1/2